| 000 | 00588nam a2200181Ia 4500 | ||
|---|---|---|---|
| 008 | 100921s9999 xx 000 0 und d | ||
| 082 |
_b17563 _a891.461 थ 67 |
||
| 100 | _aकुलकर्णी विनायक महादेव. | ||
| 245 | _aपाऊलखुणा. | ||
| 260 |
_bव्हिनस प्रकाशन, पुणे. _c1967 |
||
| 300 |
_a132 _b--- |
||
| 365 | _b5 | ||
| 520 | _aललित-काव्य. | ||
| 630 | _aपाऊलखुणा. | ||
| 650 | _aललित-काव्य. | ||
| 730 | _aपाऊलखुणा. | ||
| 942 | _cBOOK | ||
| 999 |
_c766676 _d766673 |
||